EPL 2016-17 Teams - Statistics

General Stats
  • This quiz has been taken 249 times
  • The average score is 12 of 20
Answer Stats
Answer % Correct
Arsenal F.C
94%
Manchester City
92%
Manchester United
92%
Chelsea
91%
Liverpool
89%
Tottenham Hotspur
80%
Everton
73%
West Ham United
72%
Bournemouth
55%
Crystal Palace
53%
Southampton
52%
Leicester City
48%
Sunderland
47%
West Bromwich Albion
47%
Watford
46%
Swansea City
45%
Hull City
40%
Stoke City
40%
Middlesbrough
25%
Burnley F.C
12%
No matching quizzes found
Score Distribution
Percent of People with Each Score
Percentile by Number Answered
Your Score History
You have not taken this quiz